公明党の候補者を破って小選挙区当選した人物 - Statistics

General Stats
  • This quiz has been taken 13 times
  • The average score is 9 of 25
Answer Stats
選挙回 小選挙区 公明党の候補者 小選挙区当選者の党派 小選挙区当選者 % Correct
第42回 東京17区 山口那津男 自由民主党 平沢勝栄
85%
第50回 埼玉14区 石井啓一 国民民主党(新) 鈴木義弘
77%
第45回 東京12区 太田昭宏 民主党 青木愛
62%
第45回 兵庫8区 冬柴鐵三 新党日本 田中康夫
62%
第50回 大阪3区 佐藤茂樹 日本維新の会 東徹
62%
第48回 神奈川6区 上田勇 立憲民主党(旧) 青柳陽一郎
54%
第50回 大阪5区 國重徹 日本維新の会 梅村聡
46%
第42回 愛知1区 平田米男 民主党 河村たかし
38%
第42回 大阪10区 石垣一夫 社会民主党 辻元清美
38%
第44回 沖縄1区 白保台一 民主党 下地幹郎
38%
第45回 大阪16区 北側一男 民主党 森山浩行
38%
第50回 北海道10区 稲津久 立憲民主党(新) 神谷裕
38%
第50回 愛知16区 犬飼明佳 国民民主党(新) 福田徹
38%
第42回 静岡1区 大口善徳 無所属 上川陽子
31%
第45回 兵庫2区 赤羽一嘉 民主党 向山好一
31%
第42回 千葉2区 富田茂之 民主党 永田寿康
23%
第42回 東京4区 遠藤乙彦 無所属 森田健作
23%
第45回 大阪6区 福島豊 民主党 村上史好
23%
第50回 大阪16区 山本香苗 日本維新の会 黒田征樹
23%
第42回 東京20区 大野由利子 民主党 加藤公一
15%
第42回 愛知6区 草川昭三 民主党 前田雄吉
15%
第45回 神奈川6区 上田勇 民主党 池田元久
15%
第45回 大阪3区 田端正広 民主党 中島正純
15%
第45回 大阪5区 谷口隆義 民主党 稲見哲男
15%
第50回 大阪6区 伊佐進一 日本維新の会 西田薫
15%
No matching quizzes found
Score Distribution
Percent of People with Each Score
Percentile by Number Answered
Your Score History
You have not taken this quiz